| 000 | 003850000a22001450004500 | ||
|---|---|---|---|
| 001 | 004346 | ||
| 003 | MACL | ||
| 040 | _aMACL | ||
| 090 |
_c16339 _d16338 |
||
| 100 | _aShastri, J.L. | ||
| 245 |
_aAncient IndianTradition & Mythology Volume 30 Part 1 _bThe Agni P̜urana Part 4 _cJ.L. Shastri |
||
| 260 |
_aMotilal Banarsidass Publishers, _c2002 |
||
| 650 | _aReligion | ||
| 942 |
_k295 _cBook |
||
| 999 |
_c16237 _d16237 |
||